| 000 | 00973nam a2200301 i 4500 | ||
|---|---|---|---|
| 003 | EG-GICUC | ||
| 005 | 20260415173928.0 | ||
| 008 | 260415s1957 ||| |||fr|||| 00| 0 eng d | ||
| 040 |
_aEG-GiCUC _beng _cEG-GiCUC _dEG-GiCUC _erda |
||
| 082 | 0 | 4 |
_221 _a343.37211 _bKO . C |
| 092 | 0 | 4 | _221 |
| 099 | _aLaw1 10 343.37211 KO . C 1957 | ||
| 100 | 1 |
_aKostelanetz, Boris _eAuthor. |
|
| 245 | 1 | 0 |
_aCriminal Aspects of Tax Fraud Cases / _cBy Boris Kostelanetz, Louis Bender. |
| 264 | 1 |
_aAmerican : _bAmerican Law Institute, _c1957. |
|
| 300 |
_a140 pages ; _c24 cm. |
||
| 336 |
_2rda content _atext |
||
| 337 |
_2rda media _aComputer |
||
| 338 |
_2rda carrier _aOnline Resource |
||
| 546 | _aText in English | ||
| 650 | 1 |
_aThe Formation of the Criminal Judiciary _2qrmak |
|
| 650 | 1 |
_aCriminal Law _2qrmak |
|
| 651 | 1 | _2qrmak | |
| 700 | 1 |
_aBender, Louis _eAuthor. |
|
| 856 | 4 | 0 | _uhttps://fll.law.cu.edu.eg/fulltext/bks/B10-09295.pdf |
| 905 | _a54 | ||
| 942 |
_2ddc _cBK _e21 _n0 |
||
| 999 |
_c71192 _d71192 |
||